Indian Political Thought (Record no. 1212372)

MARC details
000 -LEADER
fixed length control field 00568nam a22002177a 4500
003 - CONTROL NUMBER IDENTIFIER
control field OSt
005 - DATE AND TIME OF LATEST TRANSACTION
control field 20250816132450.0
008 - FIXED-LENGTH DATA ELEMENTS--GENERAL INFORMATION
fixed length control field 250816b |||||||| |||| 00| 0 eng d
020 ## - INTERNATIONAL STANDARD BOOK NUMBER
International Standard Book Number 9788189770204
037 ## - SOURCE OF ACQUISITION
Stock number 6218
Source of stock number/acquisition Bharati Madhyavarti Sahakari Grahak Bhandar Pune
040 ## - CATALOGING SOURCE
Transcribing agency 1
041 ## - LANGUAGE CODE
Language code of text/sound track or separate title eng
082 ## - DEWEY DECIMAL CLASSIFICATION NUMBER
Classification number 342.02
Item number GUP
100 ## - MAIN ENTRY--PERSONAL NAME
Personal name Gupta R C
245 ## - TITLE STATEMENT
Title Indian Political Thought
Statement of responsibility, etc. Gupta R C
250 ## - EDITION STATEMENT
Edition statement 8th
260 ## - PUBLICATION, DISTRIBUTION, ETC.
Place of publication, distribution, etc. Agra
Name of publisher, distributor, etc. Lakshmi Narain Agarwal
Date of publication, distribution, etc. 2023
300 ## - PHYSICAL DESCRIPTION
Extent 205;xi;xxvii;Lxxx
650 ## - SUBJECT ADDED ENTRY--TOPICAL TERM
Topical term or geographic name entry element Political Science
942 ## - ADDED ENTRY ELEMENTS (KOHA)
Source of classification or shelving scheme Dewey Decimal Classification
Koha item type Textbook
Suppress in OPAC No

No items available.